000 03201cam a22011774i 4500
003 PE-LiUPU
005 20250813185717.0
008 140626s2012 sp ad g f 1 spa d
040 _aPE-LiUPU
_bspa
_cPE-LiUPU
_erda
_dPE-LiUPU
082 0 4 _a333.911
_bF727
_223
245 1 4 _a10° Foro Mundial del Agua :
_bagua para la prosperidad compartida, Bali, Indonesia 2024: informe Perú /
_ceditor, Autoridad Nacional del Agua.
250 _aPrimera edición.
264 1 _aLima :
_bAutoridad Nacional del Agua,
_c2024.
300 _a230 páginas, 5 páginas sin numerar :
_bilustraciones en color, diagramas, mapas ;
_c30 centímetros.
336 _atext
_2rdacontent
337 _aunmediated
_2rdamedia
338 _avolume
_2rdacarrier
504 _aIncluye referencias bibliográficas.
505 _aSeguridad hídrica y prosperidad -- Agua para los seres humanos y la naturaleza -- Reducción y gestión del riesgo de desastres -- Gobernanza, cooperación e hidrodiplomacia -- Financiamiento sostenible del agua -- Conocimiento e innovación.
526 _aP202
526 _aP201
526 _aP163
526 _aP162
526 _aP161
526 _aP160
526 _aP148
526 _aP147
526 _aP146
526 _aP145
526 _aP144
526 _aP143
526 _aP142
526 _aP141
526 _aP140
526 _aP139
526 _aP138
526 _aP137
526 _aP136
526 _aP135
526 _aP134
526 _aP133
526 _aP129
526 _aP128
526 _aP127
526 _aP120
526 _aP119
526 _aP118
526 _aP116
526 _aP115
526 _aP114
526 _aP110
526 _aP109
526 _aP108
526 _aP104
526 _aP103
526 _aP102
526 _aP99
526 _aP98
526 _aP97
526 _aP96
526 _aP95
526 _aP93
526 _aP90
526 _aP89
526 _aP88
526 _aP83
526 _aP82
526 _aP62
526 _aP59
526 _aP58
526 _aP57
526 _aP51
526 _aP49
526 _aP48
526 _aP47
526 _aP29
526 _aP24
526 _aP20
526 _aP19
526 _aP17
526 _aP15
526 _aP14
526 _aP12
526 _aP10
526 _aP09
526 _aP08
526 _aP07
526 _aP06
526 _aP05
526 _aP04
526 _aP01
650 1 8 _aDesarrollo de recursos hidrológicos
_zPerú.
_94823
650 2 8 _aAdministración de cuencas hidrográficas
_zPerú.
_94824
650 2 8 _aRecursos hidrológicos
_xPolítica gubernamental
_zPerú.
_94825
710 _aAutoridad Nacional del Agua (Perú),
_eentidad editora.
_94826
711 _aForo Mundial del Agua: Agua para la prosperidad compartida
_cBali, Indonesia).
_94827
942 _2ddc
_cBK
980 _618226
_aJaime Vilcazán Jefe de Análisis Documental
_81
_gALBERTO SANCHEZ Responsable de Automatización
999 _c62762
_d62761